| 000 | 00374nam a2200145Ia 4500 | ||
|---|---|---|---|
| 008 | 230917s9999||||xx |||||||||||||| ||und|| | ||
| 040 |
_e117682 _aMAIN |
||
| 041 | _aEnglish | ||
| 082 | _a820.711 M378O | ||
| 100 | _aMasih, Ivan K | ||
| 245 | 0 | _aObjecive approach to English literature | |
| 260 |
_aNew Delhi _bAtlantic Publishers _c2007 |
||
| 300 | _a578 p. | ||
| 942 | _cBK | ||
| 999 |
_c146170 _d146170 |
||